| 000 | 00780nam a2200241 u 4500 | ||
|---|---|---|---|
| 005 | 20240426063724.0 | ||
| 008 | 170830s2008 es r 000 0 spa d | ||
| 020 | _a9788498013009 | ||
| 035 | _aUPN01000220043 | ||
| 049 | _aI | ||
| 050 | 4 |
_aPZ76.3 _bB7.47 |
|
| 100 | 1 |
_aBrunhoff, Laurent de, _d1925- _936389 |
|
| 245 | 1 | 0 |
_aIsabel, la pequeña de Babar / _cLaurent de Brunhoff ; tr. Remedios Diéguez Diéguez. |
| 260 |
_aBarcelona, Esp. : _bBlume, _c2008. |
||
| 300 |
_a[30] p. : _bprincipalmente il. col. |
||
| 534 |
_pTítulo original: _tBabar´s little girl |
||
| 650 | 4 |
_aELEFANTES - _vLITERATURA INFANTIL _924630 |
|
| 650 | 4 |
_aDisciplina de niños _914102 |
|
| 650 | 0 |
_aRelación padres-hijos _91359 |
|
| 905 | _aInfantil | ||
| 999 |
_c192142 _d192142 |
||